00476nam a2200181Ia 4500008004100000020001800041245002600059245005000085260001500135260001600150260000900166300001600175300002500191300001000216440004100226500000800267999001900275170705s9999 xx 000 0 und d a9780590662314 aPonies at the point / cBen M. Baglio ; illustrated by Jenny Gregory. aNew York : bScholastic, c1998 a136 pages : bcolor illustration ; c19cm. aAnimal ark where animals come first. a720 c336358d336358